| 000 | 003350000a22000970004500 | ||
|---|---|---|---|
| 100 | 1 | _aCryer, Frederick H. | |
| 245 | 1 | 0 | _aOf epistemology, northwest-semitic epigraphy and irony : The bydwal house of David inscription revised |
| 300 | _aNúm 69 (1996), Páginas 3-17 | ||
| 773 | 0 | _tJournal for the Study of the Old Testament | |
| 942 | _cANA | ||
| 999 |
_c54628 _d54628 |
||